Education for administrative careers in government service. / (Record no. 5157)
[ view plain ]
| 000 -LEADER | |
|---|---|
| fixed length control field | 01616cam a22003131 4500 |
| 001 - CONTROL NUMBER | |
| control field | 5157 |
| 003 - CONTROL NUMBER IDENTIFIER | |
| rucl marc code | BD-RjUL |
| 005 - DATE AND TIME OF LATEST TRANSACTION | |
| control field | 20211208234023.0 |
| 008 - FIXED-LENGTH DATA ELEMENTS--GENERAL INFORMATION | |
| fixed length control field | 131224s19621958pau b 001 0 eng |
| 035 ## - SYSTEM CONTROL NUMBER | |
| System control number | (BD-RjUL)5193 |
| System control number | (OCoLC)498572 |
| 040 ## - CATALOGING SOURCE | |
| Original cataloging agency | DLC |
| Transcribing agency | ODaWU |
| Modifying agency | OCoLC |
| -- | DLC |
| Language of cataloging | eng |
| 041 ## - LANGUAGE CODE | |
| Language code of text/sound track or separate title | eng |
| 082 ## - DEWEY DECIMAL CLASSIFICATION NUMBER | |
| Classification number | 351.1 |
| Author mark and year | SWE 1962 |
| 100 1# - MAIN ENTRY--PERSONAL NAME | |
| Personal name | Sweeney, Stephen B. |
| Fuller form of name | (Stephen Binnington), |
| 9 (RLIN) | 16246 |
| 245 10 - TITLE STATEMENT | |
| Title | Education for administrative careers in government service. / |
| Statement of responsibility, etc. | Stephen B. Editor: Sweeney. Assistant editor: Thomas J. Davy. Consultant: Lloyd M. Short. |
| 260 ## - PUBLICATION, DISTRIBUTION, ETC. (IMPRINT) | |
| Place of publication, distribution, etc. | Philadelphia ; |
| Name of publisher, distributor, etc. | University of Pennsylvania Press, |
| Date of publication, distribution, etc. | 1962. |
| 300 ## - PHYSICAL DESCRIPTION | |
| Pagination | 366 p. |
| Size | 22 cm. |
| 500 ## - GENERAL NOTE | |
| General note | "One of a series commemorating the 75th anniversary of the Wharton School and the 20th anniversary of the Fels Institute of Local and State Government, University of Pennsylvania." |
| General note | "Presents the results of a research-conference program conducted during 1956-1957 ... The program was a cooperative effort of the American Society for Public Administration, the International City Managers' Association, and the Fels Institute of Local and State Government, University of Pennsylvania ... The academic staff of the Fels Institute did the research and prepared the initial drafts of the working papers." |
| 504 ## - BIBLIOGRAPHY, ETC. NOTE | |
| Bibliography, etc | Bibliographical footnotes. |
| 520 ## - SUMMARY, ETC. | |
| Summary, etc. | Includes index |
| 526 ## - STUDY PROGRAM INFORMATION NOTE | |
| Requested Dept. | Sociology |
| 650 #0 - SUBJECT ADDED ENTRY--TOPICAL TERM | |
| Topical term or geographic name as entry element | Public administration |
| General subdivision | Study and teaching. |
| 9 (RLIN) | 16247 |
| 710 2# - ADDED ENTRY--CORPORATE NAME | |
| Corporate name or jurisdiction name as entry element | Fels Institute of Local and State Government. |
| 9 (RLIN) | 16248 |
| 942 ## - ADDED ENTRY ELEMENTS (KOHA) | |
| Source of classification or shelving scheme | Dewey Decimal Classification |
| Koha item type | Books |
| Lost status | Source of classification or shelving scheme | Damaged status | Not for loan | Collection code | Permanent Location | Current Location | Shelving location | Date acquired | Source of acquisition | Cost, normal purchase price | Total Checkouts | Full call number | Date last seen | Copy number | Koha item type |
|---|---|---|---|---|---|---|---|---|---|---|---|---|---|---|---|
| Dewey Decimal Classification | Not For Loan | Non-fiction | Central Library, University of Rajshahi | Central Library, University of Rajshahi | 13/09/1968 | Zeitlinger | 47.60 | 351.1 SWE 1962 | 24/12/2013 | C-1 | Books |